000 00335nam a2200133Ia 4500
005 20260328101450.0
008 260328s9999||||xx |||||||||||||| ||und||
100 _aAdriá, Miquel
245 0 _aLuis Restrepo - Construcciónes /
_cMiquel Adriá
260 _bVillegas Editores
300 _a189 p.
650 _aARQUITECTOS
942 _cBK
999 _c8627
_d8627